000 00961nam a22002057a 4500
999 _c22251
_d22251
003 AR-CdUCM
008 190425b ||||| |||| 00| 0 spa d
040 _aMUNICIPALIDAD PROVINCIAL DEL CUSCO
_cBIBLIOTECA MUNICIPAL DEL CUSCO
082 _aVíalactea/N°4/1999
245 _aVía Láctea :
_bpinacoteca de la cultura libre de Cusco /
260 _aCusco.
_bVíalactea,
_c1999.
300 _a14 páginas. :
_bilustraciones ;
_c41 cm.
440 _aVía Láctea.
_nAño I, N°4,marzo 1999.
_947757
505 _aContenido: Placer irreverente. -- Tiempos de cambio. -- Puya Raimondi. -- Cambio de signo. -- Número de piedra. -- Cuento Corto. -- La victoria de Víctor Zúñiga. -- Observatorio andino. -- Medicina rural. -- Cusco gastronómico. -- Pueblo capilla. -- Alma Raymi. -- Figueroa y la TV.
650 _aCultura andina
_947758
650 _aMedicina tradicional
_914646
650 _aGastronomía cusqueña
_945868
942 _2ddc
_cPP
945 _arac